书目信息 |
| 题名: |
注册岩土工程师执业资格考试专业考试历年真题详解
|
|
| 作者: | 李自伟 , 李跃 主编 | |
| 分册: | 案例分析 | |
| 出版信息: | 北京 人民交通出版社股份有限公司 2021.06 |
|
| 页数: | 602页 | |
| 开本: | 26cm | |
| 丛书名: | 2021全国勘察设计注册工程师执业资格考试用书 | |
| 单 册: | ||
| 中图分类: | TU4-44 | |
| 科图分类: | ||
| 主题词: | 岩土工程--yan tu gong cheng--资格考试--题解 | |
| 电子资源: | ||
| ISBN: | 978-7-114-17212-0 | |
| 000 | 01388nam 2200277 450 | |
| 001 | 0100028617 | |
| 005 | 20211025120159.0 | |
| 010 | @a978-7-114-17212-0@dCNY112.00 | |
| 100 | @a20210721d2021 em y0chiy50 ea | |
| 101 | 0 | @achi |
| 102 | @aCN@b110000 | |
| 105 | @aa q 000yy | |
| 106 | @ar | |
| 200 | 1 | @a注册岩土工程师执业资格考试专业考试历年真题详解@Azhu ce yan tu gong cheng shi zhi ye zi ge kao shi zhuan ye kao shi li nian zhen ti xiang jie@i案例分析@f主编李自伟, 李跃 |
| 210 | @a北京@c人民交通出版社股份有限公司@d2021.06 | |
| 215 | @a602页@c图@d26cm | |
| 225 | 2 | @a2021全国勘察设计注册工程师执业资格考试用书@A2021 quan guo kan cha she ji zhu ce gong cheng shi zhi ye zi ge kao shi yong shu@i专业考试 |
| 330 | @a本书根据人力资源和社会保障部、住房和城乡建设部颁布的注册土木工程师 (岩土) 专业考试大纲, 由多位通过注册土木工程师 (岩土) 专业考试、熟悉命题规则、具有丰富备考经验的一线资深工程师共同编写而成。收录了2004-2020年 (2015年停考) 案例分析真题, 试题均采用现行规范进行解答 (对部分陈旧试题进行了改编, 试题答案以官方标准答案为基础)。 | |
| 410 | 0 | @12001 @a2021全国勘察设计注册工程师执业资格考试用书@i专业考试 |
| 517 | 1 | @a案例分析@Aan li fen xi |
| 606 | 0 | @a岩土工程@Ayan tu gong cheng@x资格考试@j题解 |
| 690 | @aTU4-44@v5 | |
| 701 | 0 | @a李自伟@Ali zi wei@4主编 |
| 701 | 0 | @a李跃@Ali yue@4主编 |
| 801 | 0 | @aCN@c20210909 |
| 905 | @a河南城建学院图书馆@dTU4-44@eL347 | |
| 注册岩土工程师执业资格考试专业考试历年真题详解.案例分析/主编李自伟, 李跃.-北京:人民交通出版社股份有限公司,2021.06 |
| 602页:图;26cm.-(2021全国勘察设计注册工程师执业资格考试用书.专业考试) |
| ISBN 978-7-114-17212-0:CNY112.00 |
| 本书根据人力资源和社会保障部、住房和城乡建设部颁布的注册土木工程师 (岩土) 专业考试大纲, 由多位通过注册土木工程师 (岩土) 专业考试、熟悉命题规则、具有丰富备考经验的一线资深工程师共同编写而成。收录了2004-2020年 (2015年停考) 案例分析真题, 试题均采用现行规范进行解答 (对部分陈旧试题进行了改编, 试题答案以官方标准答案为基础)。 |
| ● |
| 相关链接 |
|
|
|
正题名:注册岩土工程师执业资格考试专业考试历年真
索取号:TU4-44/L347
 
预约/预借
| 序号 | 登录号 | 条形码 | 馆藏地/架位号 | 状态 | 备注 |
| 1 | 1545692 | 215456922 | 建筑库101/101建筑库 93排4列5层/ [索取号:TU4-44/L347] | 在馆 |